Los terceros mundos /
El término Tercer Mundo ya no corresponde a sectores geográficos específicos, ya que por ejemplo en África, la República Sudafricana no se ve como un país de tercer mundo. Se entiende como países pobres a quienes pertenecen al tercer mundo, sin embargo hay países que no son pobres y aun así correspo...
Αποθηκεύτηκε σε:
| Κύριος συγγραφέας: | |
|---|---|
| Μορφή: | Άγνωστο |
| Γλώσσα: | Spanish |
| Έκδοση: |
España :
Salvat
1996
|
| Σειρά: | Colección Salvat Dossier
|
| Θέματα: | |
| Ετικέτες: |
Προσθήκη ετικέτας
Δεν υπάρχουν, Καταχωρήστε ετικέτα πρώτοι!
|
MARC
| LEADER | 00000 a2200000 04500 | ||
|---|---|---|---|
| 001 | 48207 | ||
| 003 | cru CIDCACS/IIS | ||
| 005 | 20230529125445.0 | ||
| 008 | 050618s1996 sp spa d | ||
| 020 | |a 84-345-9497-8 | ||
| 022 | |a 84-345-9497-8 | ||
| 040 | |c cru CIDCACS/IIS | ||
| 090 | |a 03.02.03 R866t | ||
| 100 | |a Rousselet, Micheline | ||
| 245 | |a Los terceros mundos / |c Micheline Rousselet | ||
| 260 | |a España : |b Salvat |c 1996 | ||
| 300 | |a 216 páginas : |b tablas, gráficos, mapas | ||
| 440 | |a Colección Salvat Dossier | ||
| 520 | |a El término Tercer Mundo ya no corresponde a sectores geográficos específicos, ya que por ejemplo en África, la República Sudafricana no se ve como un país de tercer mundo. Se entiende como países pobres a quienes pertenecen al tercer mundo, sin embargo hay países que no son pobres y aun así corresponden a esta denominación. Se sostiene que el Tercer Mundo como se conocía antes ya no tiene cabida en la política y economía global, y que por el contrario debería tratarse de “terceros mundos” ya que la diversidad y la multiplicidad de conflictos reflejan realidades distintas a lo largo del mundo. Por otra parte, los líderes que definían al Tercer Mundo ya no tienen relevancia o protagonismo. Así como se conoció y se creó el concepto, la autora señala que el Tercer Mundo ya no existe. No obstante las diferencias entre países ricos y países en vías de desarrollo siguen vigentes, el mundo ya no se divide en tres sino en dos: aquellos países que logran suplir las necesidades básicas de sus habitantes y los países en vías de desarrollo que no lo logran. VSL 30/11/2016 | ||
| 650 | 1 | 0 | |9 424 |a SISTEMA SOCIAL |
| 650 | 1 | 0 | |9 677 |a SISTEMA DE LAS NACIONES UNIDAS |
| 650 | 1 | 0 | |a PAISES EN DESARROLLO |9 1642 |
| 650 | 1 | 0 | |9 679 |a PAISES DESARROLLADOS |
| 650 | 1 | 0 | |9 77 |a DESIGUALDAD SOCIAL |
| 650 | 1 | 0 | |9 143 |a ECONOMIA |
| 650 | 1 | 0 | |9 284 |a POBREZA |
| 942 | |2 ddc |c LI |h 03.02.03 R866t |i 06881 |6 030203_R866T_06881 | ||
| 999 | |c 10666 |d 10666 | ||



